Normal view
MARC view
- McGowan, Kathy
Entry Personal Name
001 - CONTROL NUMBER
- control field: 83764
003 - CONTROL NUMBER IDENTIFIER
- control field: NUST
005 - DATE AND TIME OF LATEST TRANSACTION
- control field: 20211109152332.0
008 - FIXED-LENGTH DATA ELEMENTS
- fixed length control field: 211109|| aca||aabn | a|a d
040 ## - CATALOGING SOURCE
- Original cataloging agency: NUST
- Transcribing agency: NUST
100 ## - HEADING--PERSONAL NAME
- Personal name: McGowan, Kathy
670 ## - SOURCE DATA FOUND
- Source citation: Work cat.: (NUST)32866: Graham, Brad. 83759, Bike, scooter, and chopper projects for the evil genius /, c2008.
